| 000 | 01250nam a22003614i 4500 | ||
|---|---|---|---|
| 999 |
_c7635 _d7635 |
||
| 001 | 991032090849706706 | ||
| 003 | OSt | ||
| 005 | 20220201163513.0 | ||
| 008 | 160721e2016 spc|||| |||| 0|0 0bcat|c | ||
| 015 |
_aLL2017 _2bnc |
||
| 017 |
_aDL GI 1120-2016 _bBiblioteca de Catalunya |
||
| 020 | _a9788499843384 | ||
| 035 | _a(ES-BaCBU).b67753346 | ||
| 035 | _a(OCoLC)970410063 | ||
| 040 |
_aES-BaBES _bcat _erda _cCDMR |
||
| 043 |
_ae-sp--- _be-spc-- _2catmarc |
||
| 080 |
_a1Crexells, Joan _22004 |
||
| 080 |
_a1 _x-051 _x(460.23) _22004 |
||
| 080 |
_a821.134.1.09 _x"19" _22004 |
||
| 245 | 0 | 0 |
_aJoan Crexells, obra i pensament / _cJoan Vergés Gifra (ed.) |
| 264 | 1 |
_aGirona : _bDocumenta Universitaria, _c2016 |
|
| 300 |
_a218 pàgines ; _c21 cm |
||
| 490 | 1 |
_aNoms de la filosofia catalana ; _v10 |
|
| 504 | _aInclou referències bibliogràfiques. Bibliografia (pàgines 217-218). Índex | ||
| 600 | 1 | 7 |
_aCrexells, Joan, _2lemac |
| 650 | 0 |
_aPeriodistes catalans _93139 _vBiografia |
|
| 700 | 1 | _aVergés Gifra, Joan, | |
| 830 | 0 |
_aNoms de la filosofia catalana ; _v10 |
|
| 907 |
_a.b67753346 _b22-06-21 _c21-07-16 _d21-07-16 _em _fa _g- _hcat _ispc _j0 _k0 |
||
| 908 |
_aUdG _aBAB _aUB _aURV _aBC _aAHCB _aBPEB _aANC |
||
| 940 | _aUdG | ||
| 942 |
_2udc _cMON |
||